000 00415nam a2200157Ia 4500
008 230711s9999||||xx |||||||||||||| ||und||
041 _aENG
082 _a20
_bVA-I
100 _aVaralakshmi,R.S.R
245 0 _aInformation services in medical college libraries
250 _a1st Ed.
260 _c1993
_aNew Delhi
_bEss Ess Publication
300 _a238
650 _aLibrary and Information Science
942 _cBK
999 _c3453
_d3453